Library Banner

Managing your memory: (Record no. 23830)

MARC details
000 -LEADER
fixed length control field 00512nam a2200181Ia 4500
001 - CONTROL NUMBER
control field 23607
008 - FIXED-LENGTH DATA ELEMENTS--GENERAL INFORMATION
fixed length control field 140410s9999 xx 000 0 und d
020 ## - INTERNATIONAL STANDARD BOOK NUMBER
International Standard Book Number 0-9517930-04
040 ## - CATALOGING SOURCE
Transcribing agency PK-LaUMT
082 ## - DEWEY DECIMAL CLASSIFICATION NUMBER
Classification number 153.1
Item number KAP-M
100 ## - MAIN ENTRY--PERSONAL NAME
Personal name Narinder Kapur
245 ## - TITLE STATEMENT
Title Managing your memory:
Remainder of title a self-help memory manual for improving everyday memory skills
Statement of responsibility, etc Narinder Kapur
260 ## - PUBLICATION, DISTRIBUTION, ETC. (IMPRINT)
Place of publication, distribution, etc Southampton,USA:
Name of publisher, distributor, etc Southampton General Hospital,
Date of publication, distribution, etc 1991
300 ## - PHYSICAL DESCRIPTION
Extent 38 p.
546 ## - LANGUAGE NOTE
Language note EN
650 ## - SUBJECT ADDED ENTRY--TOPICAL TERM
Topical term or geographic name as entry element Memory
942 ## - ADDED ENTRY ELEMENTS (KOHA)
Koha item type Books
Holdings
Withdrawn status Lost status Damaged status Not for loan Home library Current library Date acquired Total Checkouts Full call number Barcode Date last seen Date checked out Price effective from Koha item type
        UMT Main Campus UMT Main Campus 2014-04-10 1 153.1 KAP-M 26570 2023-03-18 2022-09-03 2014-04-24 Books